000 01121nmm a2200409 a 4500
003 AR-BaBNM
005 20251128205727.0
008 068019s[s.f ||||||||||||||000 | spa||
020 _a987-99211-2-7
040 _cAR-BaBNM
100 1 _aChavez, Fermín
245 1 0 _aPorque esto tiene otra llave de Wittgenstein a Vico
260 _aBuenos Aires
_bPueblo Entero
_c[s.f.]
300 _a127 p.
500 _aApéndice para consultar p. 108-125
600 1 4 _aZea, Leopoldo
600 1 4 _aOrtíz Pereyra, Manuel
600 1 4 _aHernández, José
600 1 4 _aVico, Giambattista
650 4 _aHISTORIOGRAFIA
650 4 _aHISTORIOGRAFIA
650 4 _aHISTORIA
650 4 _aHISTORIADORES
650 4 _aFILOSOFIA DE LA HISTORIA
650 4 _aMETODO HISTORICO
650 4 _aINVESTIGACION HISTORICA
650 4 _aESCRITURA HISTORICA
650 4 _aIDEOLOGIAS
650 4 _aHISTORIOGRAFIA ARGENTINA
650 4 _aNACIONALISMO CULTURAL
650 4 _aIDENTIDAD NACIONAL
650 4 _aESTEREOTIPO NACIONAL
650 4 _aIDEOLOGIAS
650 4 _aPATRIOTISMO
942 _cBK
998 _cMariana
999 _c12575
_d12575